000 01153cam a2200301 a 4500
001 1143187
003 OSt
005 20160419134637.0
008 950426s1996 nyua b 001 0 eng
010 _a 95018445
020 _a0471111813 (alk. paper)
040 _aDLC
_cDLC
_dDLC
050 0 0 _aQC176
_b.K5 1996
082 0 0 _a530
_220
_bKIT 19960
100 1 _aKittel, Charles.
_97981
245 1 0 _aIntroduction to solid state physics /
_cCharles Kittel.
250 _a7th ed.
260 _aNew York :
_bWiley,
_c1996.
300 _axi, 673 p. :
_bill. ;
_c25 cm.
504 _aIncludes bibliographical references and index.
650 0 _aSolid state physics.
_9376
856 4 2 _3Publisher description
_uhttp://www.loc.gov/catdir/description/wiley033/95018445.html
856 4 _3Table of Contents only
_uhttp://www.loc.gov/catdir/toc/onix03/95018445.html
856 4 2 _3Contributor biographical information
_uhttp://www.loc.gov/catdir/enhancements/fy0607/95018445-b.html
906 _a7
_bcbc
_corignew
_d1
_eocip
_f19
_gy-gencatlg
942 _2ddc
_cSLOAN
999 _c3620
_d3620